00925pam a2200265 a 4500001000500000005001700005020001500022040002300037050002300060082001200083100001800095245008700113250004500200260003400245300004700279500003000326505000800356520012600364521002000490521002000510650003200530650003200562650002700594700003800621168420250730141538.0 a059010313X aDLCcDLCdDLCbeng00aPZ7.B7175bMo 199500a8132201 aBradby, Marie10aMore than anything else /cstory by Marie Bradby ; pictures by Chris K. Soentpiet. aFirst Scholastic printing, February 1997 aNew York :bScholastic,c1995 a30 pages : bcolor illustrations ;c26 cm  a"A Richard Jackson book." aN  aNine-year-old Booker works with his father and brother at the saltworks but dreams of the day when he'll be able to read. a570 bLexile  aN bRaz-Plus  1aAfrican AmericansvFiction. 1aBooks and readingvFiction. 0aSalt workersvFiction.1 aSoentpiet, Chris K.eillustrator